[Event "33rd Cannes Open 2019"]
[Site "Cannes"]
[Date "2019.02.19"]
[Round "3.5"]
[White "Tissir, Mohamed"]
[Black "Lodici, Lorenzo"]
[Result "0-1"]
[WhiteElo "2391"]
[BlackElo "2482"]
[Annotator "TA"]
[PlyCount "96"]
[EventDate "2019.02.18"]
[EventType "swiss"]
[EventCountry "FRA"]
[SourceTitle "playchess.com"]
[Source "ChessBase"]
[SourceQuality "1"]

{[%evp 10,96,27,18,72,15,16,0,0,-52,-15,-18,0,0,0,-17,-16,-27,-25,-53,-44,-68,-37,-49,-63,-82,-61,-70,-57,-88,-87,-88,-90,-114,-102,-145,-80,-104,-111,-94,-89,-116,-108,-141,-131,-191,-154,-214,-110,-164,-173,-200,-195,-258,-252,-317,-280,-388,-368,-395,-396,-371,-373,-524,-501,-491,-481,-469,-392,-385,-279,-503,-481,-559,-395,-1031,-1028,-1302,-1295,-1261,-1234,-1203,-1133,-29991,-29992,-29992,-29993,-29997,-29998]} 1. e4 e5 2. Nf3 Nc6 3. Bc4 Nf6 4. d3 Bc5 5. c3 a6 6. Bb3 h6 {C54: Giuoco Piano: 4 c3 Nf6, main lines with 5 d4 and 5 d3} (6... O-O $11 {remains equal.}) (6... Ba7 7. h3 h6 8. Nbd2 d6 9. Nf1 Be6 10. Ng3 Qd7 11. Qe2 Bxb3 12. axb3 Ne7 13. O-O Ng6 14. Nf5 O-O 15. Nh2 Qe6 16. b4 Ne7 17. Ng3 Ng6 18. Nf5 Ne7 19. Ng3 Ng6 20. Nf5 Ne7 {½-½ (20) Chigaev,M (2604)-Kovalev,V (2687) Wijk aan Zee 2019}) 7. Nbd2 (7. d4 $16 exd4 8. e5) 7... O-O $11 8. Nf1 d5 {The position is equal.} 9. Qe2 (9. exd5 $11 Nxd5 10. Ng3) 9... Be6 10. Ng3 Re8 11. O-O Qd7 $146 ({Predecessor:} 11... Qe7 12. h3 Rad8 13. Nh4 Qf8 14. Qf3 {1-0 (61) Bismuth,S (1960)-Jeannerot,L (1630) Aix les Bains 2006}) 12. exd5 Bxd5 13. Ne4 Be7 $36 {[%mdl 2048] White is under pressure.} 14. Nxf6+ Bxf6 15. Nd2 Rad8 16. Ne4 Be7 17. Rd1 Qe6 18. Bxd5 Rxd5 19. g4 Red8 20. Be3 Qd7 21. Kh1 Rxd3 22. Rg1 {[#]} f6 {[#]} (22... Bg5 $142 $1 {[%mdl 512]} 23. Bxg5 hxg5 24. Nxg5 Rd2) 23. Bd4 $1 {[%mdl 512]} Rxd4 (23... Nxd4 24. Qxd3) 24. cxd4 Nxd4 25. Qc4+ Kh8 26. Rad1 {[#]} c5 $1 {[%mdl 512]} 27. Rd3 (27. f3 $17 {was worth a try.}) (27. Nxc5 Qc6+) 27... Qc6 28. Re1 (28. Re3 $17) 28... Qe8 (28... b5 $19 29. Qf7 c4) 29. Rg3 (29. Rdd1 $17) 29... b5 $19 30. Qc1 Qc6 31. Kg1 (31. b3 $142) 31... c4 32. Rh3 Kg8 33. Kf1 Bb4 34. Ree3 Ne6 {[%cal Bd4e6,Be6f4,Bf4d3][%mdl 32]} 35. Rhf3 Nf4 {White must now prevent ...Qd7.} 36. Qc2 (36. h3 {keeps fighting.}) 36... Qd7 {( -> ...Qd1+)} 37. Nc3 Bc5 ({Less strong is} 37... Bxc3 38. bxc3 Qxg4 39. Rg3 $19) 38. Re1 Nd3 39. Re4 Bd4 40. Ne2 $2 (40. Rxd3 cxd3 41. Qxd3) 40... Qd5 41. Ng3 Nc5 42. Rxf6 $2 (42. b4 Nxe4 43. Nxe4) 42... gxf6 43. Rxd4 exd4 44. Qg6+ Kf8 45. Qxf6+ Ke8 {Threatens to win with ...d3.} 46. Nf5 Qh1+ {[%mdl 64] Double Attack. Black mates.} 47. Ke2 d3+ 48. Ke3 Qe4+ {[%mdl 64] Double Attack. Accuracy: White = 15%, Black = 62%.} 0-1

[Event "33rd Cannes Open 2019"]
[Site "Cannes"]
[Date "2019.02.19"]
[Round "3.6"]
[White "Gharamian, Tigran"]
[Black "Barbot, Pierre"]
[Result "1/2-1/2"]
[WhiteElo "2627"]
[BlackElo "2428"]
[Annotator "TA"]
[PlyCount "35"]
[EventDate "2019.02.18"]
[EventType "swiss"]
[EventCountry "FRA"]
[SourceTitle "playchess.com"]
[Source "ChessBase"]
[SourceQuality "1"]

{[%evp 12,35,12,11,10,3,3,0,-4,-19,13,8,8,10,20,13,14,-17,-8,-23,-16,-15,0,0,0,1]} 1. e4 e5 2. Nf3 Nc6 3. Bb5 a6 4. Ba4 Nf6 5. Nc3 b5 6. Bb3 Be7 7. d3 O-O {C77: Ruy Lopez: 3...a6 4 Ba4 Nf6, unusual lines} (7... d6 8. a3 O-O 9. Nd5 Na5 10. Ba2 Nxd5 11. Bxd5 c6 12. Ba2 Bf6 13. O-O Re8 14. b4 Nb7 15. c4 Be6 {½-½ (23) Rapport,R (2692)-Aronian,L (2785) Sharjah 2017}) 8. a4 b4 9. Nd5 Na5 {[%cal Bc6a5,Ba5b7,Bb7c5][%mdl 32]} 10. Ba2 $146 ({Predecessor:} 10. Nxf6+ Bxf6 11. Ba2 d6 12. O-O Rb8 13. Nd2 Qe7 14. Re1 Be6 15. Nc4 Nxc4 16. Bxc4 {½-½ (22) Tsydypov,Z (2523)-Korchmar,V (2399) Moscow 2018}) 10... c6 11. Nxe7+ Qxe7 12. O-O d6 13. c3 bxc3 14. b4 Nb7 15. Qc2 c5 16. Qxc3 {The position is equal.} cxb4 17. Qxb4 Nc5 18. d4 1/2-1/2

[Event "33rd Cannes Open 2019"]
[Site "Cannes"]
[Date "2019.02.19"]
[Round "3.7"]
[White "Basso, Pier Luigi"]
[Black "Lamard, Guillaume"]
[Result "1/2-1/2"]
[WhiteElo "2512"]
[BlackElo "2389"]
[Annotator "TA"]
[PlyCount "88"]
[EventDate "2019.02.18"]
[EventType "swiss"]
[EventCountry "FRA"]
[SourceTitle "playchess.com"]
[Source "ChessBase"]
[SourceQuality "1"]

{[%evp 9,88,18,19,13,20,18,18,9,16,15,27,19,27,17,31,-9,0,0,-19,-8,-10,-16,-18,-7,-10,-9,-10,-10,0,0,3,4,19,17,11,0,19,19,17,6,6,0,12,8,8,0,0,0,0,-116,-112,-160,-147,-146,-70,-75,-6,-6,-6,-6,-6,-7,-7,-7,0,-9,0,0,0,0,0,0,0,0,0,0,0,-8,0,0,0]} 1. d4 Nf6 2. c4 e6 3. Nf3 a6 4. Nc3 d5 5. cxd5 exd5 6. Qb3 {D37: Queen's Gambit Declined: 5 Bf4} Be7 7. Bg5 c6 8. e3 Nbd7 9. Bd3 O-O 10. O-O Re8 11. Rae1 a5 $146 ({Predecessor:} 11... Nf8 12. Bxf6 Bxf6 13. e4 dxe4 14. Nxe4 {½-½ (55) Eljanov,P (2693)-Ponomariov,R (2726) Kharkov 2009}) 12. e4 dxe4 13. Nxe4 Nxe4 14. Rxe4 {[#] And now Rfe1 would win.} a4 15. Qc2 {Strongly threatening Rxe7.} Nf8 16. Rfe1 Be6 17. Bxe7 Rxe7 18. Ng5 h6 19. Nxe6 Rxe6 20. Bc4 Rf6 21. a3 Qd6 22. g3 Rb8 23. Ba2 b5 24. R1e2 g6 25. h4 h5 26. Qc3 Rd8 27. Qe3 Kg7 28. Rc2 Nd7 29. Re7 (29. Kg2 $11) 29... c5 $1 $17 30. d5 c4 31. Rd2 {[#]} Nc5 ({Black should try} 31... Rf3 $1 $17 {[%mdl 512]} 32. Qe6 (32. Qxf3 Qxe7) 32... Nc5 33. Qxd6 Rxd6) 32. Bb1 $15 Nd3 (32... Rf3 $17 33. Qxf3 Qxe7 34. Qc3+ Qf6) 33. Bxd3 $11 {Hoping for Bf1.The position is equal.} Qxd5 {[%mdl 64] Pin} 34. Re5 Qd7 {[%mdl 64] Pin} 35. Qc5 $1 ({But not} 35. Re7 Qd4 $17) 35... cxd3 36. Qxb5 Rc6 37. Kg2 Qc7 38. Re3 Rc5 39. Qxa4 Rc2 $1 {[%cal Rc2d2]} 40. Qb4 Qc6+ 41. Kh2 $1 Rd6 {Threatens to win with ...Rc4.} ({Much worse is} 41... Rc1 $6 42. Qe4 $16) 42. Re1 Rc4 43. Qb8 Rc2 44. Qb4 $1 Rc4 {Accuracy: White = 63%, Black = 48%.} 1/2-1/2

[Event "33rd Cannes Open 2019"]
[Site "Cannes"]
[Date "2019.02.19"]
[Round "3.8"]
[White "Paszewski, Mateusz"]
[Black "Ghasi, Ameet K"]
[Result "0-1"]
[WhiteElo "2347"]
[BlackElo "2503"]
[Annotator "RC"]
[PlyCount "74"]
[EventDate "2019.02.18"]
[EventType "swiss"]
[EventCountry "FRA"]
[SourceTitle "playchess.com"]
[Source "ChessBase"]
[SourceQuality "1"]
[TimeControl "40/5400+30:1800+30"]

1. e4 {[%emt 0:02:48]} d6 {[%emt 0:00:18]} 2. d4 {[%emt 0:00:31]} Nf6 {[%emt 0:00:04]} 3. Nc3 {[%emt 0:00:03]} g6 {[%emt 0:00:04]} 4. Nf3 {[%emt 0:00:18]} Bg7 {[%emt 0:00:05]} 5. Be3 {[%emt 0:00:03]} c6 {[%emt 0:00:10]} 6. Qd2 {[%emt 0:00:06]} O-O {[%emt 0:02:34]} 7. Bh6 {[%emt 0:01:03]} b5 {[%emt 0:00:11]} 8. Bd3 {[%emt 0:02:35]} Bg4 {[%emt 0:08:41]} 9. O-O-O {[%emt 0:13:04]} e5 {[%emt 0:02:29]} 10. dxe5 dxe5 {[%emt 0:00:39]} 11. Ne2 {[%emt 0:11:18]} Nbd7 {[%emt 0:04:42]} 12. Bxg7 {[%emt 0:10:23]} Kxg7 {[%emt 0:00:20]} 13. h3 {[%emt 0:00:03]} Bxf3 {[%emt 0:06:06]} 14. gxf3 {[%emt 0:00:07]} Nc5 {[%emt 0:00:19]} 15. h4 {[%emt 0:12:00]} Nh5 {[%emt 0:15:39]} 16. f4 {[%emt 0:04:13]} Qe7 {[%emt 0:08:29]} 17. fxe5 {[%emt 0:04:34]} Qxe5 {[%emt 0:05:00]} 18. f4 {[%emt 0:10:23]} Qe7 {[%emt 0:00:12]} 19. Qe3 {[%emt 0:01:01]} Rad8 {[%emt 0:03:08]} 20. e5 {[%emt 0:03:45]} Ne6 {[%emt 0:21:00]} 21. Rdg1 {[%emt 0:04:46]} Qc5 {[%emt 0:02:44]} 22. Qf3 {[%emt 0:03:19]} Qd5 {[%emt 0:05:42]} 23. Qxd5 {[%emt 0:11:18]} Rxd5 {[%emt 0:00:09]} 24. Be4 {[%emt 0:01:07]} Rc5 {[%emt 0:00:04]} 25. Rf1 {[%emt 0:00:06]} Rd8 {[%emt 0:01:37]} 26. Rh3 {[%emt 0:02:29]} Nd4 {[%emt 0:06:56]} 27. Ng1 {[%emt 0:00:16]} Rc4 {[%emt 0:02:00]} 28. Re3 {[%emt 0:00:59]} b4 {[%emt 0:00:44]} 29. Bd3 {[%emt 0:01:10]} Rc5 {[%emt 0:00:01]} 30. Ne2 {[%emt 0:00:19]} b3 {[%emt 0:03:21]} 31. axb3 {[%emt 0:00:38]} Nxb3+ {[%emt 0:00:01]} 32. Kd1 {[%emt 0:00:02]} Na5 {[%emt 0:00:07]} 33. Re4 {[%emt 0:00:58]} Nc4 {[%emt 0:00:18]} 34. Kc1 {[%emt 0:00:09]} Rxd3 {[%emt 0:00:42]} 35. cxd3 {[%emt 0:00:39]} Ne3+ {[%emt 0:00:04]} 36. Rc4 {[%emt 0:00:06]} Rxc4+ {[%emt 0:00:06]} 37. dxc4 {[%emt 0:00:10]} Nxf1 {[%emt 0:00:04]} 0-1

[Event "33rd Cannes Open 2019"]
[Site "Cannes"]
[Date "2019.02.20"]
[Round "4.1"]
[White "Gupta, Abhijeet"]
[Black "Krzyzanowski, Marcin"]
[Result "1-0"]
[WhiteElo "2587"]
[BlackElo "2504"]
[Annotator "ChessBase"]
[PlyCount "63"]
[EventDate "2019.02.18"]
[EventType "swiss"]
[EventCountry "FRA"]
[SourceTitle "playchess.com"]
[Source "ChessBase"]
[SourceQuality "1"]
[TimeControl "40/5400+30:1800+30"]

1. d4 {[%emt 0:00:00]} Nf6 {[%emt 0:01:01]} 2. c4 {[%emt 0:00:00]} c5 {[%emt 0:00:12]} 3. d5 {[%emt 0:00:00]} e6 {[%emt 0:00:10]} 4. Nc3 {[%emt 0:00:00]} exd5 {[%emt 0:00:35]} 5. cxd5 {[%emt 0:00:00]} d6 {[%emt 0:00:03]} 6. e4 {[%emt 0:00:17]} g6 {[%emt 0:00:05]} 7. f3 {[%emt 0:00:20]} Bg7 {[%emt 0:00:32]} 8. Nge2 {[%emt 0:00:10]} a6 {[%emt 0:00:53]} 9. a4 {[%emt 0:00:05]} Nbd7 {[%emt 0:00:49]} 10. Ng3 {[%emt 0:02:03]} h5 {[%emt 0:00:48]} 11. Be2 {[%emt 0:00:09]} Rb8 {[%emt 0:03:21]} 12. O-O {[%emt 0:04:45]} Nh7 {[%emt 0:03:23]} 13. Be3 {[%emt 0:02:11]} Ne5 {[%emt 0:00:59]} 14. Qd2 {[%emt 0:02:19]} O-O {[%emt 0:04:44]} 15. f4 {[%emt 0:07:54]} Ng4 {[%emt 0:01:39]} 16. Bxg4 {[%emt 0:00:06]} hxg4 {[%emt 0:03:41]} 17. e5 {[%emt 0:03:59]} b6 {[%emt 0:03:52]} 18. Nce4 {[%emt 0:03:49]} dxe5 {[%emt 0:01:07]} 19. f5 {[%emt 0:00:10]} gxf5 {[%emt 0:05:54]} 20. Nxf5 {[%emt 0:05:29]} Bxf5 {[%emt 0:01:07]} 21. Rxf5 {[%emt 0:00:04]} Qd7 {[%emt 0:01:25]} 22. Raf1 {[%emt 0:03:22]} Qxa4 {[%emt 0:03:39]} 23. Ng3 {[%emt 0:08:03]} Qb4 {[%emt 0:28:31]} 24. Qf2 {[%emt 0:05:44]} Qb3 {[%emt 0:03:28]} 25. Rh5 {[%emt 0:02:11]} Nf6 {[%emt 0:17:42]} 26. Rg5 {[%emt 0:04:18]} Nh7 {[%emt 0:00:17]} 27. Rxg4 {[%emt 0:08:04]} f5 {[%emt 0:01:14]} 28. Nxf5 {[%emt 0:00:25]} Rxf5 {[%emt 0:00:20]} 29. Qxf5 {[%emt 0:00:11]} Qxe3+ {[%emt 0:00:04]} 30. Kh1 {[%emt 0:00:03]} Kh8 {[%emt 0:03:02]} 31. Rh4 {[%emt 0:00:56]} Bh6 32. Rxh6 {[%emt 0:00:25]} 1-0

[Event "33rd Cannes Open 2019"]
[Site "Cannes"]
[Date "2019.02.20"]
[Round "4.2"]
[White "Lodici, Lorenzo"]
[Black "Maiorov, Nikita"]
[Result "0-1"]
[WhiteElo "2482"]
[BlackElo "2523"]
[Annotator "TA"]
[PlyCount "45"]
[EventDate "2019.02.18"]
[EventType "swiss"]
[EventCountry "FRA"]
[SourceTitle "playchess.com"]
[Source "ChessBase"]
[SourceQuality "1"]

{[%evp 15,45,12,4,13,0,-22,-30,-21,-19,-25,-18,-36,-16,-24,0,0,0,-29,-31,-35,-33,-49,-53,-58,-52,-98,-65,-106,-69,-110,-117,-708]} 1. d4 Nf6 2. c4 e6 3. Nc3 Bb4 4. g3 O-O 5. Bg2 Bxc3+ 6. bxc3 d6 {E20: Nimzo-Indian: 4 g3 and 4 f3} 7. Nf3 (7. a4 Nbd7 8. e3 e5 9. Nf3 Re8 10. Ba3 c5 11. O-O Qe7 12. Qc2 e4 13. Nd2 Nf8 14. Rae1 {0-1 (36) Sandipan,C (2577)-Khismatullin,D (2621) Moscow 2016}) 7... Nc6 8. Qd3 Rb8 {LiveBook: 3 Games. The position is equal.} 9. Nd2 Qd7 10. c5 $146 ({Predecessor:} 10. O-O b6 11. Nb3 Ba6 12. Bg5 d5 13. Bxf6 Bxc4 14. Qf3 gxf6 15. Qxf6 Bxe2 {1-0 (54) Naoum,S (2302)-Bulmaga,I (2401) Kavala 2018}) 10... dxc5 11. Ba3 Rd8 {[%cal Rc5d4]} 12. Bxc5 b6 13. Ba3 Bb7 14. O-O Na5 15. Bxb7 Nxb7 16. Rfd1 c5 $36 {[%mdl 2048] Black has good play.} 17. e3 Na5 18. Nc4 Nxc4 19. Qxc4 Qc6 20. Qd3 {[#]} e5 $1 {[%cal Be6e5,Be5e4][%mdl 544]} 21. Bb2 (21. dxe5 Rxd3) 21... e4 22. Qa6 {[#]} c4 $1 23. Qxa7 $2 {[%mdl 8192] Precision: White = 37%, Black = 62%.} (23. d5 $17 Rxd5 24. Rxd5 Nxd5 25. Rd1) 0-1

[Event "33rd Cannes Open 2019"]
[Site "Cannes"]
[Date "2019.02.20"]
[Round "4.3"]
[White "Nasuta, Grzegorz"]
[Black "Barp, Alberto"]
[Result "1-0"]
[WhiteElo "2504"]
[BlackElo "2420"]
[Annotator "RC"]
[PlyCount "60"]
[EventDate "2019.02.18"]
[EventType "swiss"]
[EventCountry "FRA"]
[SourceTitle "playchess.com"]
[Source "ChessBase"]
[SourceQuality "1"]
[TimeControl "40/5400+30:1800+30"]

1. e4 {[%emt 0:01:25]} e5 {[%emt 0:00:03]} 2. Nf3 {[%emt 0:00:05]} Nc6 {[%emt 0:00:03]} 3. d4 {[%emt 0:00:20]} exd4 {[%emt 0:00:05]} 4. Nxd4 {[%emt 0:00:07]} Bc5 {[%emt 0:00:05]} 5. Nxc6 {[%emt 0:00:20]} Qf6 {[%emt 0:00:11]} 6. Qf3 {[%emt 0:00:05]} dxc6 {[%emt 0:01:37]} 7. Nc3 {[%emt 0:00:12]} Be6 {[%emt 0:03:34]} 8. Qg3 {[%emt 0:01:22]} O-O-O {[%emt 0:09:15]} 9. Be3 {[%emt 0:00:12]} Bxe3 {[%emt 0:08:51]} 10. Qxe3 {[%emt 0:00:08]} Qd4 {[%emt 0:00:25]} 11. Qxd4 {[%emt 0:00:18]} Rxd4 {[%emt 0:00:02]} 12. Rd1 {[%emt 0:00:28]} Rxd1+ {[%emt 0:01:37]} 13. Kxd1 {[%emt 0:10:40]} Ne7 {[%emt 0:02:57]} 14. Be2 {[%emt 0:07:02]} Rd8+ {[%emt 0:10:04]} 15. Kc1 {[%emt 0:00:09]} c5 {[%emt 0:00:23]} 16. Rd1 {[%emt 0:22:33]} Rd4 {[%emt 0:06:29]} 17. f4 {[%emt 0:23:44]} f6 {[%emt 0:03:49]} 18. a3 {[%emt 0:04:01]} Nc6 {[%emt 0:06:24]} 19. Bf3 {[%emt 0:03:56]} Rxd1+ {[%emt 0:09:57]} 20. Bxd1 {[%emt 0:00:10]} Nd4 {[%emt 0:01:45]} 21. Kd2 {[%emt 0:00:16]} Kd7 {[%emt 0:01:04]} 22. Ke3 {[%emt 0:03:28]} f5 {[%emt 0:08:07]} 23. Ne2 {[%emt 0:08:21]} Nxe2 {[%emt 0:03:24]} 24. Bxe2 {[%emt 0:00:05]} g6 {[%emt 0:02:44]} 25. exf5 {[%emt 0:02:05]} gxf5 {[%emt 0:00:50]} 26. Bd3 {[%emt 0:01:42]} Ke7 {[%emt 0:05:23]} 27. g4 {[%emt 0:05:58]} c4 {[%emt 0:02:35]} 28. Bxf5 {[%emt 0:00:29]} Bxf5 {[%emt 0:00:21]} 29. gxf5 {[%emt 0:00:06]} Kf6 {[%emt 0:00:05]} 30. c3 {[%emt 0:00:42]} Kxf5 {[%emt 0:00:04] Ke4+} 1-0

[Event "33rd Cannes Open 2019"]
[Site "Cannes"]
[Date "2019.02.20"]
[Round "4.4"]
[White "Ghasi, Ameet K"]
[Black "Popov, Artem G."]
[Result "1/2-1/2"]
[WhiteElo "2503"]
[BlackElo "1353"]
[Annotator "RC"]
[PlyCount "89"]
[EventDate "2019.02.18"]
[EventType "swiss"]
[EventCountry "FRA"]
[SourceTitle "playchess.com"]
[Source "ChessBase"]
[SourceQuality "1"]
[TimeControl "40/5400+30:1800+30"]

1. Nf3 {[%emt 0:00:23]} d5 {[%emt 0:08:48]} 2. g3 {[%emt 0:00:12]} Bg4 {[%emt 0:00:21]} 3. Bg2 {[%emt 0:00:06]} Nc6 {[%emt 0:00:05]} 4. d3 {[%emt 0:05:47]} Qd7 {[%emt 0:01:27]} 5. h3 {[%emt 0:00:37]} Bh5 {[%emt 0:00:07]} 6. c3 {[%emt 0:08:38]} e5 {[%emt 0:00:35]} 7. b4 {[%emt 0:08:52]} a6 {[%emt 0:00:20]} 8. Nbd2 {[%emt 0:01:52]} f6 {[%emt 0:09:36]} 9. O-O {[%emt 0:00:57]} Nge7 {[%emt 0:00:45]} 10. a4 {[%emt 0:06:43]} Bf7 {[%emt 0:05:29]} 11. Ba3 {[%emt 0:07:27]} Be6 {[%emt 0:03:26]} 12. Kh2 {[%emt 0:02:36]} h5 {[%emt 0:03:20]} 13. b5 {[%emt 0:07:49]} axb5 {[%emt 0:02:36]} 14. axb5 {[%emt 0:00:03]} Nd8 {[%emt 0:00:06]} 15. c4 {[%emt 0:00:25]} h4 {[%emt 0:01:22]} 16. Ng1 {[%emt 0:11:40]} hxg3+ {[%emt 0:08:06]} 17. fxg3 {[%emt 0:00:06]} dxc4 {[%emt 0:05:43]} 18. Ne4 {[%emt 0:08:38]} Rxa3 {[%emt 0:01:56]} 19. Rxa3 {[%emt 0:01:54]} Nf5 {[%emt 0:01:12]} 20. Rxf5 {[%emt 0:04:53]} Bxf5 {[%emt 0:02:20]} 21. Rc3 {[%emt 0:00:06]} Bxe4 {[%emt 0:14:07]} 22. Bxe4 {[%emt 0:00:06]} Bc5 {[%emt 0:00:06]} 23. Bg2 {[%emt 0:05:18]} Bb6 {[%emt 0:13:14]} 24. Nf3 {[%emt 0:02:55]} e4 {[%emt 0:04:43]} 25. Nd2 {[%emt 0:00:09]} cxd3 {[%emt 0:04:38]} 26. Nxe4 {[%emt 0:00:20]} dxe2 {[%emt 0:01:17]} 27. Qxe2 {[%emt 0:00:12]} Qe7 {[%emt 0:01:57]} 28. Qg4 {[%emt 0:08:20]} O-O {[%emt 0:00:09]} 29. Rf3 {[%emt 0:00:58]} Ne6 {[%emt 0:03:06]} 30. Bf1 {[%emt 0:00:53]} f5 {[%emt 0:00:53]} 31. Rxf5 {[%emt 0:01:28]} Rxf5 {[%emt 0:00:09]} 32. Qxf5 {[%emt 0:00:03]} Qf7 {[%emt 0:00:13]} 33. Qxf7+ {[%emt 0:02:51]} Kxf7 {[%emt 0:00:01]} 34. h4 {[%emt 0:00:31]} Ke7 {[%emt 0:00:53]} 35. Kh3 {[%emt 0:00:19]} Nc5 {[%emt 0:00:57]} 36. Nd2 {[%emt 0:01:32]} c6 {[%emt 0:01:42]} 37. Nc4 {[%emt 0:00:11]} Bc7 {[%emt 0:00:23]} 38. bxc6 {[%emt 0:00:45]} bxc6 {[%emt 0:00:02]} 39. Bg2 {[%emt 0:00:05]} Nd3 {[%emt 0:00:14]} 40. Bxc6 {[%emt 0:00:28]} Ne5 {[%emt 0:00:04]} 41. Nxe5 {[%emt 0:30:05]} Bxe5 {[%emt 0:30:06]} 42. g4 {[%emt 0:01:27]} g6 {[%emt 0:00:29]} 43. Be4 {[%emt 0:00:05]} Kf6 {[%emt 0:00:05]} 44. g5+ {[%emt 0:00:03]} Kg7 {[%emt 0:00:04]} 45. Kg4 {[%emt 0:00:16]} 1/2-1/2

[Event "33rd Cannes Open 2019"]
[Site "Cannes"]
[Date "2019.02.20"]
[Round "4.5"]
[White "Barbot, Pierre"]
[Black "Barseghyan, Harutyun"]
[Result "1/2-1/2"]
[WhiteElo "2428"]
[BlackElo "2457"]
[Annotator "TA"]
[PlyCount "62"]
[EventDate "2019.02.18"]
[EventType "swiss"]
[EventCountry "FRA"]
[SourceTitle "playchess.com"]
[Source "ChessBase"]
[SourceQuality "1"]

{[%evp 22,62,11,13,40,37,87,90,83,67,62,32,56,7,38,0,0,0,0,-10,-14,-8,-13,-14,-6,-12,-11,-15,-15,-15,-15,-15,-15,-18,-33,-45,-8,-21,-8,-25,-29,-40,-28]} 1. d4 d5 2. c4 e6 3. Nf3 Nf6 4. Nc3 Bb4 5. Bg5 dxc4 6. e4 c5 7. e5 cxd4 8. Nxd4 Qa5 9. exf6 Bxc3+ 10. bxc3 Qxg5 11. fxg7 Qxg7 12. Qf3 Rg8 {D39: Queen's Gambit Declined: Ragozin Defence with 5 Bg5 dxc4} 13. g3 {[%mdl 1024] White has compensation.} Qg4 14. Qe3 ({Much worse is} 14. Bxc4 $6 Qxf3 15. Nxf3 b6 $11) 14... Qg5 {[#]White is better.} 15. f4 $1 {[%cal Rf4g5]} Qd5 16. Rg1 Nc6 {[#]} 17. Rd1 $146 ({Predecessor:} 17. O-O-O Bd7 18. Rg2 Qc5 19. Rb2 Ne7 20. Bg2 {½-½ (39) Sokolov,I (2662)-Popov,V (2568) Warsaw 2005}) 17... Bd7 18. Bg2 Qc5 19. Kf2 O-O-O 20. Nxc6 (20. Rb1 {seems wilder.} e5 21. fxe5 Rge8 22. Rb5 Qa3 23. Rgb1) 20... Qxe3+ 21. Kxe3 Bxc6 22. Bxc6 bxc6 23. Rd4 Rxd4 24. cxd4 $11 {[%mdl 4096] Endgame KR-KR} Kc7 25. Rb1 a5 26. Kd2 h5 {Black wants to play ...h4!} 27. Kc3 {[#]} h4 $1 {[%mdl 512]} 28. Rg1 (28. gxh4 Rh8) 28... hxg3 29. hxg3 Rb8 30. Rg2 Rb4 31. Rh2 Kd6 {Accuracy: White = 54%, Black = 57%.} 1/2-1/2

[Event "33rd Cannes Open 2019"]
[Site "Cannes"]
[Date "2019.02.20"]
[Round "4.6"]
[White "Flear, Glenn C"]
[Black "Paltrinieri, Nicholas"]
[Result "1/2-1/2"]
[WhiteElo "2451"]
[BlackElo "2295"]
[Annotator "RC"]
[PlyCount "89"]
[EventDate "2019.02.18"]
[EventType "swiss"]
[EventCountry "FRA"]
[SourceTitle "playchess.com"]
[Source "ChessBase"]
[SourceQuality "1"]
[TimeControl "40/5400+30:1800+30"]

1. d4 {[%emt 0:00:00]} e6 {[%emt 0:00:00]} 2. c4 {[%emt 0:00:02]} f5 {[%emt 0:00:00]} 3. Nc3 {[%emt 0:00:36]} Nf6 {[%emt 0:00:00]} 4. e3 {[%emt 0:00:11]} d6 {[%emt 0:04:17]} 5. b3 {[%emt 0:05:49]} g6 {[%emt 0:02:09]} 6. Bb2 {[%emt 0:00:36]} Bg7 {[%emt 0:00:05]} 7. g3 {[%emt 0:03:14]} O-O {[%emt 0:00:40]} 8. Bg2 {[%emt 0:00:13]} c6 {[%emt 0:04:24]} 9. Nf3 {[%emt 0:05:13]} Qc7 {[%emt 0:04:50]} 10. O-O {[%emt 0:04:11]} e5 {[%emt 0:04:38]} 11. c5 {[%emt 0:12:25]} e4 {[%emt 0:02:34]} 12. cxd6 {[%emt 0:01:43]} Qxd6 {[%emt 0:00:02]} 13. Ne5 {[%emt 0:01:52]} Be6 {[%emt 0:01:44]} 14. Qc1 {[%emt 0:18:06]} Re8 {[%emt 0:09:50]} 15. Ba3 {[%emt 0:01:40]} Qd8 {[%emt 0:00:08]} 16. Nc4 {[%emt 0:12:17]} Na6 {[%emt 0:00:27]} 17. Ne2 {[%emt 0:00:45]} Nd5 {[%emt 0:06:56]} 18. Qd2 {[%emt 0:02:42]} b5 {[%emt 0:10:46]} 19. Ne5 {[%emt 0:01:38]} c5 {[%emt 0:00:05]} 20. Rad1 {[%emt 0:05:08]} Rc8 {[%emt 0:02:37]} 21. f3 {[%emt 0:04:24]} Bh6 {[%emt 0:16:24]} 22. Nf4 {[%emt 0:00:43]} cxd4 {[%emt 0:04:09]} 23. Qxd4 {[%emt 0:03:33]} Bxf4 {[%emt 0:06:21]} 24. gxf4 {[%emt 0:00:17]} Qb6 {[%emt 0:00:03]} 25. Qxb6 {[%emt 0:04:06]} axb6 {[%emt 0:00:01]} 26. Rfe1 {[%emt 0:00:44]} Rc2 {[%emt 0:00:16]} 27. fxe4 {[%emt 0:01:51]} Nc3 {[%emt 0:00:05]} 28. Rd6 {[%emt 0:01:34]} Rxa2 {[%emt 0:00:32]} 29. exf5 {[%emt 0:00:39]} gxf5 {[%emt 0:00:05]} 30. Bc6 {[%emt 0:01:08]} Rxa3 {[%emt 0:13:13]} 31. Bxe8 {[%emt 0:00:07]} Bxb3 {[%emt 0:00:03]} 32. Bf7+ {[%emt 0:02:21]} Bxf7 {[%emt 0:03:04]} 33. Rd8+ {[%emt 0:00:04]} Kg7 {[%emt 0:00:01]} 34. Rd7 {[%emt 0:00:07]} Kf6 {[%emt 0:00:02]} 35. Rxf7+ {[%emt 0:00:27]} Ke6 {[%emt 0:00:01]} 36. Rxh7 {[%emt 0:00:41]} Nc5 {[%emt 0:01:06]} 37. Rh6+ {[%emt 0:00:56]} Kd5 {[%emt 0:00:01]} 38. Rxb6 {[%emt 0:01:15]} Ra2 {[%emt 0:00:04]} 39. h4 {[%emt 0:02:16]} N5e4 {[%emt 0:01:11]} 40. Nf3 {[%emt 0:03:14]} Nf2 {[%emt 0:05:03]} 41. Nd4 {[%emt 0:07:41]} Nh3+ {[%emt 0:17:05]} 42. Kh1 {[%emt 0:00:08]} Nf2+ {[%emt 0:00:02]} 43. Kg1 {[%emt 0:00:21]} Nh3+ {[%emt 0:00:01]} 44. Kh1 {[%emt 0:00:07]} Nf2+ {[%emt 0:00:02]} 45. Kg1 1/2-1/2